| 000 | 00623cam a2200169 4500 | ||
|---|---|---|---|
| 082 |
_a355.009241 _bRAI |
||
| 100 | 1 |
_aRait, Robert S. _949802 |
|
| 245 | 1 | 4 |
_aThe life and campaigns of Hugh, first Viscount Gough, Field-Marshal, _cby Robert S. Rait ... |
| 260 |
_aWestminster, _bA. Constable & Co., Ltd., _c1903. |
||
| 300 |
_a2 v. _bfronts., plates, ports., fold. maps, fold. plans, facsim. _c23 cm. |
||
| 526 |
_a0 _b0 _c0 _d355_009241000000000_RAI |
||
| 650 | 0 |
_aMCE _9379 |
|
| 650 | 0 |
_aPeninsular War, 1807-1814. _949379 |
|
| 650 | 0 |
_aSikh War, 1845-1846. _949256 |
|
| 650 | 0 |
_aSikh War, 1848-1849. _949803 |
|
| 942 |
_2ddc _cBK |
||
| 999 |
_c552568 _d552568 |
||